| 000 | 00892nam a22002537a 4500 | ||
|---|---|---|---|
| 003 | OSt | ||
| 005 | 20250916115545.0 | ||
| 008 | 250916t |||a|||| |||| 00| 0 spa d | ||
| 020 | _a9789585125407 | ||
| 037 | _bDonación | ||
| 040 |
_aCO-JMCR _bspa _cCO-JMCR _erda _dCO-JMCR |
||
| 041 | 0 | _aspa | |
| 082 | 0 | 4 |
_aA-H _bRABa _223 |
| 100 | 1 |
_aRabanal, Daniel, _d1949- _eautor. _944315 |
|
| 245 | 1 | 4 |
_aLas aventuras de gato : _bla isla del griego / _cDaniel Rabanal ; presentación Powerpaola. |
| 264 |
_aBogotá : _bSecretaria Distrital de Cultura, Recreación y Deporte _c2022. |
||
| 300 |
_a56 páginas : _bilustraciones ; _c23 cm. |
||
| 338 |
_avolumen _bnc _2rdacarrier |
||
| 650 | 2 | 4 |
_aTiras cómicas _2JMCR _95616 |
| 650 | 2 | 4 |
_aHistorietas _2JMCR _944316 |
| 650 | 2 | 4 |
_aViajes en la literatura _2JMCR _910007 |
| 700 | 1 | 2 |
_aGaviria, Paola, _d1977- _eautora de la presentación. _944317 |
| 942 |
_2ddc _cBK |
||
| 999 |
_c31076 _d17460 |
||